Papeles de Río San Juan / (Registro nro. 13429)

Detalles MARC
000 -LIDER
fixed length control field 01158nam a22003017a 4500
001 - NÚMERO DE CONTROL
Identificador de número de control 00000809
003 - IDENTIFICACDOR DE NÚMERO DE CONTROL
control field DO-SdBNP
005 - DATE AND TIME OF LATEST TRANSACTION
control field 20210422124007.0
007 - CAMPOS FIJOS DE DESCRIPCIÓN FÍSICA
fixed length control field 00000809
008 - ELEMENTOS DE LONGITUD FIJA
fixed length control field 160609b 2015 dr | 00| 0 spa d
020 ## - ISBN
International Standard Book Number 97899 45896541
040 ## - FUENTE DE CATALOGACIÓN
Agencia que crea de manera original el registro BPMSU
Idioma de catalogación spa
Agencia que realiza la transcripción BPMSU
082 ## - NÚMERO DE CLASIFICACIÓN DECIMAL DE DEWEY
Classification number 972.9364
Item number P214r
Edition number 22
092 ## - LOCALLY ASSIGNED DEWEY DECIMAL CALL NUMBER
Número de clasificación
Número de ítem (Cutter)
245 #0 - MENCIÓN DE TITULO
Título Papeles de Río San Juan /
Mención de responsabilidad compilador Leoncio Bisonó ; corrección y cuidado de la edición Piero Espinal Estevez
260 ## - PUBLICACIÓN, DISTRIBUCIÓN, ETC. (PIE DE IMPRENTA)
Lugar de publicación, distribución, etc San José de las Matas, República Dominicana :
Nombre del editor, distribuidor, etc. OPUS,
Fecha de publicación, distribución, etc 2015
300 ## - DESCRIPCIÓN FÍSICA
Extensión 824 p. :
Otros detalles físicos ils., retrs.
Dimensiones 24 cm.
Materiales especificados
Enlace
500 ## - NOTA GENERAL
Nota general Incluye datos biográficos del compilador en la solapa de la cubierta <br/>
500 ## - NOTA GENERAL
Nota general Incluye referencias bibliográficas y notas al pie de las páginas.
590 ## - NOTA LOCAL
Enlace Inventariado, 2021/VM
651 #4 - ENCABEZAMIENTO DE MATERIA--NOMBRE GEOGRÁFICO
Nombre geográfico Río San Juan (República Dominicana)
Subdivisión temática general Historia local
651 #4 - ENCABEZAMIENTO DE MATERIA--NOMBRE GEOGRÁFICO
Nombre geográfico Ciudades y pueblos
Subdivisión geográfica República Dominicana
651 #4 - ENCABEZAMIENTO DE MATERIA--NOMBRE GEOGRÁFICO
Nombre geográfico Rio San Juan, ( República Dominicana)
Subdivisión temática general Vida social y costumbres.
700 1# - ASIENTO SECUNDARIO -- NOMBRE PERSONAL
Nombre personal Bisonó, Leoncito
Fechas asociadas con el nombre 1944 -
Mención de responsabilidad comp.
700 1# - ASIENTO SECUNDARIO -- NOMBRE PERSONAL
Nombre personal Espinal Estevez, Piero
Mención de responsabilidad ed.
910 ## - VALIDACIÓN
Validación VMateo
942 ## - ADDED ENTRY ELEMENTS (KOHA)
Source of classification or shelving scheme Dewey Decimal Classification
Koha item type Libros
Existencias
Withdrawn status Lost status Source of classification or shelving scheme Damaged status Not for loan Collection code Home library Current library Date acquired Source of acquisition Full call number Barcode Date last seen Price effective from Koha item type
    Dewey Decimal Classification     Colección Dominicana Biblioteca Pública Metropolitana Salomé Ureña Biblioteca Pública Metropolitana Salomé Ureña 04/22/2021 Leoncito Bisonón BPMSU CD 972.9364 P214r 2015 BPMSU21040035 04/22/2021 04/22/2021 Libros